00766nam a2200181 i 450000100060000000300090000600500170001500700030003200800410003510000370007624501800011326000290029330000200032253000350034271000500037785200690042785600880049626837ES-MaACL20260406131533.0t|030110s1916 sp ||||1| spa d1 aArriaga, Emiliano de,d1844-191913aEl cuarteto, su origen, desarrollo y encantosb: conferencia con ejemplos dada en el Círculo de Bellas Artes y Ateneo de Bilbao... 5 de abril de 1916 /cEmiliano de Arriaga. aBilbao :b[s.n.,c1916?] a31 p. ;c24 cm. aDisponible en formato digital.2 aCírculo de Bellas Artes y Ateneo de Bilbao. aES-MaACLj1557-F-3cDEPOFzRevisado enlace: 28 de Marzo de 2025.4 uhttp://bdh-rd.bne.es/viewer.vm?id=0000062133&page=1yBiblioteca Digital Hispánica